000 00990 a2200217 4500
001 24628
005 20260407155529.0
008 260407a2012 arg spa d
003 AR-UNSa-BCEJYS
040 _aAR-UNSa-BCEJYS
_bspa
_cAR-UNSa-BCEJYS
080 _a657
_xContabilidad
245 1 0 _aContabilidad versus impuestos
020 _a978-987-03-2254-2
264 1 _aBuenos Aires :
_bLa Ley
_c2012
300 _axxx, 425 p.
_c24 cm.
505 _a1. Algunos conceptos contables básicos - 2. Armonización entre las normas contables e impositivas - 3. Consideración de los efectos de la inflación - 4. Normas de referencia - 5. Reconocimiento y medición en general - 6. Reconocimiento y medición en particular - 7. Comentarios finales y sugerencias
942 _cBK
590 _aniveau_biblio:m niveau_hierar:0
100 1 _aFowler Newton, Enrique
856 4 1 _uhttps://biblioeco.unsa.edu.ar/pmb/images/libros/Contabilidad versus Impuestos(2012).jpg
_yImagen de portada
_qimage/jpeg
999 _c1207
_d1207